书目信息 |
| 题名: |
从黑格尔到尼采
|
|
| 作者: | 洛维特 , 勒维特 著 ;李秋零 译 | |
| 分册: | ||
| 出版信息: | 北京 三联书店 2006 |
|
| 页数: | 526页 | |
| 开本: | 22cm | |
| 丛书名: | 西学源流 | |
| 单 册: | ||
| 中图分类: | B516 | |
| 科图分类: | ||
| 主题词: | 哲学史--zhe xue shi--研究--德国--19世纪 | |
| 电子资源: | ||
| ISBN: | 7-108-02190-0 | |
| 000 | 01223nam 2200325 450 | |
| 001 | CAL 012006050845 | |
| 005 | 20061121163654.18 | |
| 010 | @a7-108-02190-0@dCNY 27.00 | |
| 099 | @aCAL 012006050845 | |
| 100 | @a20060420d2006 em y0chiy0121 ea | |
| 101 | 1 | @achi@cger |
| 102 | @aCN@b110000 | |
| 105 | @ay a 000yy | |
| 200 | 1 | @a从黑格尔到尼采@Acong hei ge er dao ni cai@e19世纪思维中的革命性决裂@f(德)洛维特著@F(de)luo wei te zhu@g李秋零译 |
| 210 | @a北京@c三联书店@d2006 | |
| 215 | @a526页@d22cm | |
| 225 | 2 | @a西学源流@Axi xue yuan liu |
| 314 | @aL?with规范汉译姓: 勒维特 | |
| 320 | @a有书目 (第521-524页) | |
| 330 | @a本书包括19世纪德国精神史研究、从黑格尔精神历史的哲学看时代的精神上的发生起源、老年黑格尔学派、青年黑格尔、市民阶级——基督教世界的历史研究、人道问题、基督教信仰问题等。 | |
| 410 | 0 | @12001 @a西学源流 |
| 517 | 1 | @a19世纪思维中的革命性决裂@A19 shi ji si wei zhong de ge ming xing jue lie |
| 606 | 0 | @a哲学史@Azhe xue shi@x研究@y德国@z19世纪 |
| 690 | @aB516@v4 | |
| 701 | 0 | @a洛维特@Aluo wei te@4著 |
| 701 | 1 | @a勒维特@ALe Wei Te@g(L?with, Karl),@f1897-1973@4著 |
| 702 | 0 | @a李秋零@Ali qiu ling@4译 |
| 801 | @aCN@c20061121 | |
| 905 | @a10447@dB516@eL989 | |
| 998 | @aSCUEC | |
| 从黑格尔到尼采:19世纪思维中的革命性决裂/(德)洛维特著/李秋零译.-北京:三联书店,2006 |
| 526页;22cm.-(西学源流) |
| ISBN 7-108-02190-0:CNY 27.00 |
| 本书包括19世纪德国精神史研究、从黑格尔精神历史的哲学看时代的精神上的发生起源、老年黑格尔学派、青年黑格尔、市民阶级——基督教世界的历史研究、人道问题、基督教信仰问题等。 |
| ● |
| 相关链接 |
|
|
|
正题名:从黑格尔到尼采
索取号:B516/L989
 
预约/预借
| 序号 | 登录号 | 条形码 | 馆藏地/架位号 | 状态 | 备注 |
| 1 | 612875 | 206128750 | 社科库509/509社科库 17排2列2层/ [索取号:B516/L989] | 在馆 | |
| 2 | 612876 | 206128769 | 社科库509/509社科库 17排2列2层/ [索取号:B516/L989] | 在馆 | |
| 3 | 612877 | 206128778 | 社科库509/509社科库 17排2列2层/ [索取号:B516/L989] | 在馆 |